Регионална библиотека "Любен Каравелов" - Русе

Людмила и Дмитрий Шушкановы (Запис номер 210229)

MARC детайли
000 -Лидер
Контролно поле с фиксирана дължина 02147nkm a2200409 c 4500
003 - Код на организацията, давaща контролен номер
Контролно поле BLK
005 - Дата и час на последна редакция
Контролно поле 20180421002025.0
008 - Елементи от данни с фиксирана дължина
fixed length control field 180412b bul rap|r|||| r0| ||bulo|
010 ## - Наследен системен номер
LC control number KNG00163135000
040 ## - Източник на каталожния запис
Идентификатор на билиотеката - собственик на записа BLK
041 ## - Код за език
Код за езика на текст/звукозапис или на отделно заглавие Руски
Код за езика КДБФ Руски
Други езици Английски
080 ## - УДК
Текстов определител УДК Художествени предмети от стъкло и кристал. Витражно изкуство
УДК код - определител по УДК 748
УДК определител (47+57)(092)
УДК - код + определител 748(47+57)(092)
080 ## - УДК
Текстов определител УДК Руски художник
УДК код - определител по УДК 929 Шушканов, Дмитрий Николаевич
УДК определител
УДК - код + определител 929 Шушканов, Дмитрий Николаевич
080 ## - УДК
Текстов определител УДК Руска художничка
УДК код - определител по УДК 929 Шушканова, Людмила Николаевна
УДК определител
УДК - код + определител 929 Шушканова, Людмила Николаевна
139 ## - Редно поле
Редна дума Кантор, Карл Моисеевич
Авторски знак Шум - Ш 97
245 10 - Сведения за заглавието
Заглавие Людмила и Дмитрий Шушкановы
Подзаглавни данни О художественном образе быта в станкоково-прикладном искусстве
Редно поле (дума) авт.-состав. Карл Моисеевич Кантор; Дмитрий Николаевич Шушканов; Людмила Николаевна Шушканова.
246 11 - Различни форми на заглавието
Паралелно заглавие Liudmila and Dmitry Shushkanov
257 ## - Страна на издаване
Страна на създаване/издаване СССР
260 ## - Област на издателските данни
-- Москва
Име на издателя, разпространителя и проч. Сов. художник
Година на издаване 1981
300 ## - Физическа характеристика
Страници 200 с.
Илюстрации и др. с ил.
Размери/Мащаб 31 см
380 ## - Жанр
Жанр Изкуство
500 ## - Общи забележки
Забележка 30 000 тир.
600 14 - Име на лице, използвано като предмет
За него / За нея Шушканов, Дмитрий Николаевич
9 (RLIN) 144391
600 14 - Име на лице, използвано като предмет
За него / За нея Шушканова, Людмила Николаевна
9 (RLIN) 144392
650 #4 - Допълнително описание по предмет – тема
Основно описание – тема или топоним Стъкло
9 (RLIN) 172725
651 #4 - Допълнително описание по предмет - топоним
Географско понятие СССР
9 (RLIN) 179592
653 ## - Ключова дума – ненормативна
Ключова дума декоративно изкуство
653 ## - Ключова дума – ненормативна
Ключова дума стъкло
700 1# - Други автори (авторска отговорност)
Лично име Кантор, Карл Моисеевич
Автороска отговорност (Описва отношението между автора и произведението) авт.-состав.
9 (RLIN) 352349
700 1# - Други автори (авторска отговорност)
Лично име Шушканов, Дмитрий Николаевич
9 (RLIN) 144391
700 1# - Други автори (авторска отговорност)
Лично име Шушканова, Людмила Николаевна
9 (RLIN) 144392
852 ## - Местоположение
Форматна сигнатура Цб Гр А ІІ 2848
856 4# - Електронен адрес и достъп
Електронен формат pdf - файл
Път до файла /url/
856 4# - Електронен адрес и достъп
Електронен формат pdf - файл
Път до файла /url/
942 ## - АРТИКУЛИ
Вид на библиотечния материал Графични издания
Скрит в OPAC Не
944 ## - СЪЗДАВАНЕ И РЕДАКЦИЯ на ЗАПИСА
Създаване/Редакция Създаване
Дата на регистрацията/редакция 16.07.2014
Статус, дата на статуса 16.07.2014 - от С1,Р / 16.07.2014
Служител, извършил регистрацията/редакцията Камелия_Данева
944 ## - СЪЗДАВАНЕ И РЕДАКЦИЯ на ЗАПИСА
Създаване/Редакция Редакция
Дата на регистрацията/редакция 16.07.2014
Статус, дата на статуса 16.07.2014 - от С1,Р / 16.07.2014
Служител, извършил регистрацията/редакцията
999 ## - СИСТЕМНИ КОНТРОЛНИ НОМЕРА
Koha biblionumber 210229
Koha biblioitemnumber 210229
Наличности
Код за отписване Код за изгубен артикул Източник на класификационната схема Код за повреда Коз за рестрикции Код за отдаване Артикулен № Име на библиотеката - собственик Име на библиотеката, в която се намира в момента Статус (Текущо местоположение) Дата на вписване в системата Местоположение - отдел Цена в лева Инвентарен номер Систематично азбучна сигнатура Баркод Номер на екземпляра Цена в евро Служебна бележка Служебен тип на артикула
  Не е изгубен Universal Decimal Classification Не е повреден без рестрикции заемане за дома 361748 Регионална библиотека "Любен Каравелов" Русе Регионална библиотека "Любен Каравелов" Русе Отдел Изкуство - подръчен фонд 1981-01-01 Отдел Изкуство - подръчен фонд 6.00 351182 745/749/Ш 97 120000351182 1 3.07 Дост: Pk Вид: Ф N: стар фонд Дата: 01.01.1981 Дата инв: 03.06.2015 Бележки инв: ГрИ2015 Графични издания
Vip Innovations Ltd, Rousse, Bulgaria 2025